| 000 | 00962cab a2200265 4500 | ||
|---|---|---|---|
| 001 | ABS48046 | ||
| 008 | 090401t1993 xxu||||| |||| 00| 0 eng d | ||
| 035 | _a(Sirsi) u64625 | ||
| 041 | _aeng | ||
| 100 | _aLawrence, B. | ||
| 245 | 4 | _aThe missing repossessions | |
| 260 | _c1993 | ||
| 350 | _a0 | ||
| 490 |
_aHousing and Planning Review _v(48)1 February/March 1993, 8-9(2) |
||
| 520 | _aDespite the promise of the Housing Market Package, over 80,000 homes stand empty, 65,000 of them repossessions. This article deplores such waste and seeks to explain why repossessed and deteriorating older houses represent only 3.6% of all approvals for the scheme. | ||
| 650 | _aEMPTY HOMES AGENCY | ||
| 650 | _aGOVERNMENT POLICY | ||
| 650 | _aHOUSING ASSOCIATIONS | ||
| 650 | _aNEW BUILD | ||
| 650 | _aBUILT ENVIRONMENT-BUILDING MAINTENANCE AND REFURBISHMENT | ||
| 650 | _aREPOSSESSIONS | ||
| 690 | _aHOUSING-MARKET | ||
| 942 | _n0 | ||
| 948 | _c04/03/1997 | ||
| 999 |
_c40258 _d40258 |
||